A Guide to MATLAB (Record no. 609042)
[ view plain ]
| 000 -LEADER | |
|---|---|
| fixed length control field | 00426nam a22001457a 4500 |
| 020 ## - INTERNATIONAL STANDARD BOOK NUMBER | |
| International Standard Book Number | 9780521540865 |
| 040 ## - CATALOGING SOURCE | |
| Transcribing agency | nust |
| 082 ## - DEWEY DECIMAL CLASSIFICATION NUMBER | |
| Classification number | 519.40285 |
| Author Mark | HUN |
| 100 ## - MAIN ENTRY--PERSONAL NAME | |
| Personal name | Hunt R. Briar |
| 9 (RLIN) | 122588 |
| 110 ## - MAIN ENTRY--CORPORATE NAME | |
| Corporate name or jurisdiction name as entry element | ,Lipsman L.Ronald, Roseberg M. Jonathan |
| 9 (RLIN) | 122589 |
| 245 ## - TITLE STATEMENT | |
| Title | A Guide to MATLAB |
| 260 ## - PUBLICATION, DISTRIBUTION, ETC. | |
| Place of publication, distribution, etc. | UK: |
| Name of publisher, distributor, etc. | brian R. Hunt, ronald L. Lipsman, Jonathan M. Rosenberg, |
| Date of publication, distribution, etc. | 2001. |
| 650 ## - SUBJECT ADDED ENTRY--TOPICAL TERM | |
| Topical term or geographic name entry element | A Guide to MATLAB |
| 9 (RLIN) | 122571 |
| 942 ## - ADDED ENTRY ELEMENTS (KOHA) | |
| Source of classification or shelving scheme | |
| Koha item type | Book |
| Withdrawn status | Lost status | Source of classification or shelving scheme | Damaged status | Not for loan | Permanent Location | Current Location | Shelving location | Date acquired | Total Checkouts | Full call number | Barcode | Date last seen | Price effective from | Koha item type |
|---|---|---|---|---|---|---|---|---|---|---|---|---|---|---|
| College of Electrical & Mechanical Engineering (CEME) | College of Electrical & Mechanical Engineering (CEME) | General Stacks | 05/10/2024 | 519.40285 HUN | CEME-40191 | 05/10/2024 | 05/10/2024 | Book |
